Statistiken für 10 größte Städte Bayerns

Klicken Sie hier um das Quiz zu spielen!

Allgemein

  • Dieses Quiz wurde 113 mal gespielt
  • Das Durchschnittsergebnis liegt bei 8 aus 10

Antwortstatistiken

Einwohner Stadt % Korrekt
1.5 MioMünchen
100%
300kAugsburg
98%
500kNürnberg
97%
150kRegensburg
88%
135kIngolstadt
84%
126kFürth
78%
127kWürzburg
77%
74kBayreuth
69%
110kErlangen
64%
77kBamberg
61%

Verteilung der Resultate

Perzentil nach korrekt beantworteten Fragen

Anzahl Personen mit jedem Resultat

Ihre Resultats-Entwicklung

Sie haben dieses Quiz noch nicht gespielt